[Event "BL2-West 1819"]
[Site "Germany"]
[Date "2019.04.07"]
[Round "9.7"]
[White "Oparaugo, Thomas"]
[Black "Nachbar, Benjamin"]
[Result "1-0"]
[WhiteElo "2025"]
[BlackElo "2119"]
[PlyCount "91"]
[EventDate "2018.11.21"]
[EventType "team-tourn"]
[EventRounds "9"]
[EventCountry "GER"]
[SourceTitle "CBM 190 Extra"]
[Source "ChessBase"]
[SourceDate "2019.07.15"]
[SourceVersion "1"]
[SourceVersionDate "2019.07.15"]
[SourceQuality "1"]
[WhiteTeam "Oberursel"]
[BlackTeam "Muelheim Nord II"]
[WhiteTeamCountry "GER"]
[BlackTeamCountry "GER"]

1. e4 c6 2. d4 d5 3. exd5 cxd5 4. Bd3 Nc6 5. c3 g6 6. Bf4 Bg7 7. Nf3 Nh6 8. 0-0 0-0 9. Re1 f6 10. Nbd2 Nf7 11. Bb5 Re8 12. Qa4 Bd7 13. Bg3 e5 14. dxe5 fxe5 15. Qb3 e4 16. Bxc6 bxc6 17. Nd4 Ne5 18. a4 Kh8 19. Nf1 Rb8 20. Qc2 Nd3 21. Reb1 Rb7 22. Ne3 Ne5 23. b4 Bc8 24. Bxe5 Bxe5 25. Nxc6 Bxh2+ 26. Kxh2 Qd6+ 27. Kg1 Qxc6 28. Rd1 Re5 29. Qd2 Be6 30. Qd4 Qc7 31. f4 exf3 32. Nc4 dxc4 33. Re1 Qb6 34. Rxe5 Qxd4+ 35. cxd4 Bf5 36. b5 fxg2 37. Rae1 Rf7 38. Re8+ Kg7 39. R1e7 c3 40. Rxf7+ Kxf7 41. Ra8 Ke6 42. Rxa7 c2 43. Rc7 Be4 44. Rc5 g5 45. b6 g4 46. a5 1-0

[Event "Pfalz op 10th"]
[Site "Neustadt an der Weinstrasse"]
[Date "2019.03.01"]
[Round "1"]
[White "Colpe, Malte"]
[Black "Oparaugo, Thomas"]
[Result "1-0"]
[WhiteElo "2368"]
[BlackElo "2038"]
[PlyCount "55"]
[EventDate "2019.03.01"]
[EventType "swiss"]
[EventRounds "9"]
[EventCountry "GER"]
[SourceTitle "CBM 189 Extra"]
[Source "ChessBase"]
[SourceDate "2019.06.03"]
[SourceVersion "1"]
[SourceVersionDate "2019.06.03"]
[SourceQuality "1"]

1. d4 d5 2. Bf4 Nf6 3. e3 c5 4. c3 Nc6 5. Nd2 Qb6 6. Qb3 Qxb3 7. axb3 e6 8. h3 Be7 9. Ngf3 0-0 10. Bd3 Bd7 11. 0-0 Nh5 12. Bh2 f5 13. dxc5 Bxc5 14. b4 Bb6 15. b5 Ne7 16. Bd6 Rfe8 17. Nb3 Rad8 18. Ne5 Ng6 19. Nxg6 hxg6 20. Be5 Nf6 21. Rfd1 Rc8 22. Na5 Bc7 23. f4 Bb6 24. Kf2 Ne4+ 25. Bxe4 fxe4 26. Nxb7 Bxb5 27. Nd6 Bd3 28. Bd4 1-0

[Event "Basel op"]
[Site "Basel"]
[Date "2019.01.03"]
[Round "3"]
[White "Dekan, Hans"]
[Black "Oparaugo, Thomas"]
[Result "0-1"]
[WhiteElo "2123"]
[BlackElo "2045"]
[PlyCount "96"]
[EventDate "2019.01.02"]
[EventType "swiss"]
[EventRounds "7"]
[EventCountry "SUI"]
[SourceTitle "CBM 188 Extra"]
[Source "ChessBase"]
[SourceDate "2019.02.26"]
[SourceVersion "1"]
[SourceVersionDate "2019.02.26"]
[SourceQuality "1"]

1. e4 e5 2. Nf3 Nc6 3. Bb5 a6 4. Ba4 Nf6 5. d3 d6 6. h3 b5 7. Bb3 Na5 8. Bg5 Nxb3 9. axb3 Be7 10. Nc3 Bb7 11. 0-0 c5 12. Ne2 h6 13. Be3 Nh5 14. g4 Nf6 15. Ng3 g6 16. Nh2 g5 17. Nf5 Bc8 18. Ng7+ Kf8 19. Nf5 Bxf5 20. exf5 d5 21. Re1 Kg7 22. Nf1 Bd6 23. Ng3 Qc7 24. Kg2 Qc6 25. Bd2 Rhe8 26. Qc1 Nh7 27. Nh5+ Kf8 28. f3 e4 29. dxe4 dxe4 30. Qd1 Rad8 31. Qe2 Bc7 32. Rad1 exf3+ 33. Qxf3 Qxf3+ 34. Kxf3 Rxe1 35. Rxe1 Rxd2 36. Ke3 Rxc2 37. Rd1 Be5 38. Rd8+ Ke7 39. Ra8 Nf6 40. Ra7+ Nd7 41. f6+ Bxf6 42. Nxf6 Kxf6 43. Rxd7 Rxb2 44. Rd6+ Kg7 45. Rd3 c4 46. bxc4 bxc4 47. Rd6 Rb3+ 48. Kd4 Rd3+ 0-1

[Event "Basel op"]
[Site "Basel"]
[Date "2019.01.03"]
[Round "2"]
[White "Oparaugo, Thomas"]
[Black "Petre, Nad Titus"]
[Result "0-1"]
[WhiteElo "2045"]
[BlackElo "2308"]
[PlyCount "104"]
[EventDate "2019.01.02"]
[EventType "swiss"]
[EventRounds "7"]
[EventCountry "SUI"]
[SourceTitle "CBM 188 Extra"]
[Source "ChessBase"]
[SourceDate "2019.02.26"]
[SourceVersion "1"]
[SourceVersionDate "2019.02.26"]
[SourceQuality "1"]

1. e4 c6 2. d4 d5 3. exd5 cxd5 4. c4 Nf6 5. Nc3 g6 6. Nf3 Bg7 7. Bg5 Be6 8. Qb3 dxc4 9. Bxc4 Bxc4 10. Qxc4 0-0 11. 0-0 Nbd7 12. Rfe1 Nb6 13. Qb4 Re8 14. a4 a5 15. Qb5 Ra6 16. Rad1 Nc8 17. Qxb7 Rb6 18. Qa8 Rxb2 19. Re5 Rc2 20. Nd2 Ng4 21. Rd5 Nd6 22. Qxd8 Rxd8 23. Nce4 Nf6 24. Nxf6+ Bxf6 25. Rxa5 Nc4 26. Rc5 Bxd4 27. Rc6 Ba7 28. Re1 Rdxd2 29. Bxd2 Rxd2 30. Rf1 Nb2 31. Rc7 Bd4 32. a5 Nd3 33. Rxe7 Nxf2 34. a6 Ra2 35. Rd7 Be3 36. Re7 Bc5 37. Rc7 Ne4+ 38. Kh1 Nf2+ 39. Kg1 Bb6 40. Rb7 Bd4 41. Rd7 Bb6 42. Rb7 Rxa6 43. Rxb6 Nh3+ 44. gxh3 Rxb6 45. Kg2 Rb3 46. Ra1 Kg7 47. Ra7 Rb4 48. Kg3 g5 49. Rc7 Kg6 50. Rc6+ f6 51. Ra6 Rb2 52. Rc6 h5 0-1

[Event "Heusenstamm Sparkassen op-A 5th"]
[Site "Heusenstamm"]
[Date "2018.11.25"]
[Round "7"]
[White "Bakiev, Diyor"]
[Black "Oparaugo, Thomas"]
[Result "0-1"]
[WhiteElo "1908"]
[BlackElo "2052"]
[PlyCount "120"]
[EventDate "2018.11.22"]
[EventType "swiss"]
[EventRounds "7"]
[EventCountry "GER"]
[SourceTitle "CBM 188 Extra"]
[Source "ChessBase"]
[SourceDate "2019.02.26"]
[SourceVersion "1"]
[SourceVersionDate "2019.02.26"]
[SourceQuality "1"]

1. e4 e5 2. Nf3 Nc6 3. Bc4 Bc5 4. b4 Bxb4 5. c3 Ba5 6. d4 d6 7. Qb3 Qd7 8. dxe5 Bb6 9. Nbd2 Na5 10. Qc2 Nxc4 11. Nxc4 d5 12. exd5 Qxd5 13. Qa4+ Bd7 14. Nxb6 cxb6 15. Qd4 Ne7 16. 0-0 Qxd4 17. cxd4 Bc6 18. Bb2 Bxf3 19. gxf3 Rc8 20. Rac1 Kd7 21. Kg2 Nd5 22. Kg3 Ke6 23. Rfd1 Kf5 24. Rxc8 Rxc8 25. Rd2 Rc6 26. Kg2 Kf4 27. a3 Rg6+ 28. Kf1 Kxf3 29. Rd3+ Ke4 30. Rh3 Rh6 31. Rxh6 gxh6 32. Ke2 Nf4+ 33. Kd2 b5 34. Bc3 Ne6 35. f3+ Kd5 36. Kd3 Nc7 37. Bd2 h5 38. f4 Ne6 39. Be3 Ng7 40. Bg1 Nf5 41. Bf2 a5 42. Be1 b4 43. axb4 axb4 44. Bxb4 Nxd4 45. Be7 Nf3 46. h4 Nd4 47. Bf6 Nc6 48. Ke3 b5 49. Kd3 b4 50. Bg5 b3 51. Kc3 Nd4 52. Bf6 Ne2+ 53. Kxb3 Nxf4 54. Kc3 Ke4 55. Kd2 Nd3 56. Ke2 Nxe5 57. Kf1 Ng4 58. Bd8 Kf3 59. Bc7 Ne3+ 60. Kg1 Nf5 0-1

[Event "Rhein Main op-A 21st"]
[Site "Bad Homburg"]
[Date "2018.06.02"]
[Round "6"]
[White "Han, Yichen"]
[Black "Oparaugo, Thomas"]
[Result "0-1"]
[WhiteElo "1944"]
[BlackElo "2075"]
[PlyCount "60"]
[EventDate "2018.05.30"]
[EventType "swiss"]
[EventRounds "7"]
[EventCountry "GER"]
[SourceTitle "EXT 2019"]
[Source "ChessBase"]
[SourceDate "2018.10.10"]
[SourceVersion "1"]
[SourceVersionDate "2018.10.10"]
[SourceQuality "1"]

1. e4 e5 2. Nf3 Nc6 3. Bc4 Bc5 4. c3 Nf6 5. d3 d6 6. 0-0 Bb6 7. a4 Bg4 8. Re1 Qd7 9. Nbd2 a6 10. Nf1 Be6 11. Bxe6 fxe6 12. d4 exd4 13. cxd4 0-0-0 14. Ng3 h6 15. b3 g5 16. d5 exd5 17. exd5 Nb4 18. Bb2 Nbxd5 19. Ne4 Rhf8 20. Qc2 Nxe4 21. Rxe4 Rxf3 22. gxf3 Nf4 23. Bc1 Nh3+ 24. Kf1 Nxf2 25. Re2 Qh3+ 26. Ke1 Qxf3 27. Ra2 Nd3+ 28. Kd1 Nb4 29. Qb1 Nxa2 30. Qxa2 Re8 0-1

[Event "Rhein Main op-A 21st"]
[Site "Bad Homburg"]
[Date "2018.05.30"]
[Round "1"]
[White "Oparaugo, Thomas"]
[Black "Bakiev, Diyor"]
[Result "1-0"]
[WhiteElo "2075"]
[BlackElo "1825"]
[PlyCount "83"]
[EventDate "2018.05.30"]
[EventType "swiss"]
[EventRounds "7"]
[EventCountry "GER"]
[SourceTitle "EXT 2019"]
[Source "ChessBase"]
[SourceDate "2018.10.10"]
[SourceVersion "1"]
[SourceVersionDate "2018.10.10"]
[SourceQuality "1"]

1. e4 e5 2. Nf3 Nc6 3. Bb5 a6 4. Ba4 Nf6 5. 0-0 Be7 6. Re1 b5 7. Bb3 0-0 8. d3 d6 9. c3 Bb7 10. d4 exd4 11. cxd4 Na5 12. Bc2 c5 13. d5 Re8 14. Nbd2 Bf8 15. b3 Bc8 16. h3 g6 17. Bb2 Bg7 18. Rb1 Nd7 19. Bxg7 Kxg7 20. Nf1 Ne5 21. Nxe5 Rxe5 22. f4 Re8 23. Qd2 Nb7 24. Qf2 Qf6 25. Rbd1 Bd7 26. Qg3 Qb2 27. Bb1 a5 28. Rd2 Qa3 29. Ne3 a4 30. Rf2 axb3 31. axb3 c4 32. bxc4 bxc4 33. e5 Qb4 34. Ref1 Nd8 35. e6 fxe6 36. dxe6 Bxe6 37. f5 Bf7 38. fxg6 Bxg6 39. Bxg6 hxg6 40. Rf6 Qb7 41. Qxg6+ Kh8 42. Qxe8+ 1-0

[Event "Oberliga Ost-B 1617"]
[Site "Germany"]
[Date "2017.04.23"]
[Round "9.8"]
[White "Sergin, Mark"]
[Black "Oparaugo, Thomas"]
[Result "1-0"]
[WhiteElo "2256"]
[BlackElo "2088"]
[PlyCount "61"]
[EventDate "2016.10.16"]
[EventType "team-tourn"]
[EventRounds "11"]
[EventCountry "GER"]
[SourceTitle "EXT 2018"]
[Source "ChessBase"]
[SourceDate "2017.10.13"]
[SourceVersion "1"]
[SourceVersionDate "2017.10.13"]
[SourceQuality "1"]
[WhiteTeam "Kassel"]
[BlackTeam "Oberursel"]
[WhiteTeamCountry "GER"]
[BlackTeamCountry "GER"]

1. e4 e5 2. Nf3 Nc6 3. Bc4 Bc5 4. c3 Nf6 5. d3 d6 6. Bb3 h6 7. h3 Qe7 8. Nbd2 Be6 9. Ba4 Bd7 10. Nf1 g6 11. g4 0-0-0 12. Ne3 Bxe3 13. Bxe3 d5 14. Qc2 dxe4 15. dxe4 Be8 16. Nd2 a6 17. b4 Nb8 18. Bb3 Bc6 19. f3 g5 20. 0-0-0 Ne8 21. Nc4 Ng7 22. Qh2 f6 23. Bc5 Rxd1+ 24. Rxd1 Qe8 25. h4 h5 26. hxg5 hxg4 27. Qg3 Rh3 28. Qxg4+ Bd7 29. Qg2 fxg5 30. Rxd7 Qxd7 31. Nxe5 1-0

[Event "Oberliga Ost-B 1516"]
[Site "Germany"]
[Date "2016.02.21"]
[Round "8.8"]
[White "Sieber, Stephan"]
[Black "Oparaugo, Thomas"]
[Result "1-0"]
[WhiteElo "2203"]
[BlackElo "2094"]
[PlyCount "101"]
[EventDate "2015.09.20"]
[EventType "team-tourn"]
[EventRounds "11"]
[EventCountry "GER"]
[SourceTitle "EXT 2017"]
[Source "ChessBase"]
[SourceDate "2016.10.25"]
[SourceVersion "1"]
[SourceVersionDate "2016.10.25"]
[SourceQuality "1"]
[WhiteTeam "Erfurt Empor"]
[BlackTeam "Oberursel"]
[WhiteTeamCountry "GER"]
[BlackTeamCountry "GER"]

1. e4 e5 2. Nf3 Nc6 3. Bb5 a6 4. Ba4 Nf6 5. Qe2 d6 6. c3 Be7 7. 0-0 Bg4 8. h3 Bh5 9. Rd1 0-0 10. d3 Nd7 11. Nbd2 Bg6 12. g4 h5 13. Nf1 hxg4 14. hxg4 Nf6 15. Nh4 Nh7 16. Nxg6 fxg6 17. Bb3+ Kh8 18. Kg2 Bh4 19. Ng3 g5 20. Be3 g6 21. Rh1 Qe7 22. Rh3 Kg7 23. Rah1 Nf6 24. Nf1 Rh8 25. f3 Raf8 26. Kg1 Nd7 27. d4 Rh6 28. d5 Nd8 29. Bd1 Rfh8 30. Kg2 a5 31. b4 axb4 32. cxb4 Nf7 33. Qb5 Ra8 34. a4 b6 35. Qc6 Qd8 36. Nd2 Rh8 37. Be2 Nf6 38. Rc1 Ne8 39. Nb3 Kf6 40. a5 bxa5 41. bxa5 Rb8 42. Bb5 Kg7 43. a6 Nf6 44. a7 Nxg4 45. Bg1 Rxb5 46. Qxb5 Nf6 47. Qb7 g4 48. Rxh4 gxf3+ 49. Kxf3 Ng5+ 50. Ke2 Rxh4 51. Qxc7+ 1-0

[Event "Oberliga Ost-B 1516"]
[Site "Germany"]
[Date "2015.11.15"]
[Round "4.7"]
[White "Humburg, Philipp"]
[Black "Oparaugo, Thomas"]
[Result "1-0"]
[WhiteElo "2186"]
[BlackElo "2094"]
[PlyCount "81"]
[EventDate "2015.09.20"]
[EventType "team-tourn"]
[EventRounds "11"]
[EventCountry "GER"]
[SourceTitle "EXT 2017"]
[Source "ChessBase"]
[SourceDate "2016.10.25"]
[SourceVersion "1"]
[SourceVersionDate "2016.10.25"]
[SourceQuality "1"]
[WhiteTeam "Kassel"]
[BlackTeam "Oberursel"]
[WhiteTeamCountry "GER"]
[BlackTeamCountry "GER"]

1. e4 Nf6 2. e5 Nd5 3. c4 Nb6 4. d4 d6 5. exd6 exd6 6. Nc3 Be7 7. Bd3 Nc6 8. Nge2 Bf6 9. Be3 0-0 10. b3 Re8 11. 0-0 Bg4 12. h3 Bh5 13. Qd2 Bg6 14. Bxg6 hxg6 15. Rac1 Ne7 16. g4 Bh4 17. Kg2 Nc6 18. Ng1 Be7 19. f4 d5 20. c5 Nc8 21. Na4 a5 22. Nf3 Bf8 23. Bf2 f6 24. a3 Qd7 25. Qd3 Qf7 26. Nh4 N8e7 27. Bg3 f5 28. Nf3 Nc8 29. Nc3 N8a7 30. Ne5 Qe6 31. Rfe1 fxg4 32. hxg4 Nxe5 33. dxe5 c6 34. f5 gxf5 35. gxf5 Qf7 36. Rh1 Bxc5 37. Rh3 d4 38. Rch1 Qxb3 39. e6 Rxe6 40. Rh8+ Kf7 41. fxe6+ 1-0

[Event "Oberliga Ost-B 1415"]
[Site "Germany"]
[Date "2015.02.22"]
[Round "8.7"]
[White "Oparaugo, Thomas"]
[Black "Meyner, Hannes"]
[Result "0-1"]
[WhiteElo "2108"]
[BlackElo "2215"]
[PlyCount "52"]
[EventDate "2014.09.21"]
[EventType "team-tourn"]
[EventRounds "11"]
[EventCountry "GER"]
[SourceTitle "EXT 2016"]
[Source "ChessBase"]
[SourceDate "2015.10.08"]
[SourceVersion "1"]
[SourceVersionDate "2015.10.08"]
[SourceQuality "1"]
[WhiteTeam "Oberursel"]
[BlackTeam "Kassel"]
[WhiteTeamCountry "GER"]
[BlackTeamCountry "GER"]

1. e4 c6 2. d4 d5 3. Nc3 dxe4 4. Nxe4 Bf5 5. Ng3 Bg6 6. h4 h6 7. h5 Bh7 8. Nf3 Nd7 9. Bd3 Bxd3 10. Qxd3 e6 11. Bd2 Ngf6 12. c4 Be7 13. Bc3 0-0 14. Rd1 Qb6 15. Qd2 a5 16. Ne5 Rfd8 17. f4 c5 18. 0-0 Nxe5 19. fxe5 cxd4 20. Bxa5 Rxa5 21. exf6 d3+ 22. Kh1 Bxf6 23. Rxf6 gxf6 24. Rf1 Rd4 25. Rf4 Rg5 26. Qe3 e5 0-1

[Event "Oberliga Ost-B 1314"]
[Site "Germany"]
[Date "2014.02.23"]
[Round "8.6"]
[White "Schwenkreis, Thomas"]
[Black "Oparaugo, Thomas"]
[Result "1-0"]
[WhiteElo "2202"]
[BlackElo "2104"]
[PlyCount "63"]
[EventDate "2013.10.13"]
[EventType "team-tourn"]
[EventRounds "11"]
[EventCountry "GER"]
[SourceTitle "EXT 2015"]
[Source "ChessBase"]
[SourceDate "2014.11.20"]
[SourceVersion "1"]
[SourceVersionDate "2014.11.20"]
[SourceQuality "1"]
[WhiteTeam "Frankfurt BvK"]
[BlackTeam "Oberursel"]
[WhiteTeamCountry "GER"]
[BlackTeamCountry "GER"]

1. e4 e5 2. Nc3 Nc6 3. g3 Bc5 4. Bg2 d6 5. Na4 Bb4 6. a3 Ba5 7. b4 Bb6 8. Nxb6 axb6 9. Bb2 f5 10. Ne2 fxe4 11. Bxe4 Nf6 12. Bg2 0-0 13. 0-0 Bg4 14. h3 Bh5 15. Qe1 Qd7 16. g4 Bg6 17. d3 Rae8 18. Qd2 d5 19. f4 e4 20. f5 e3 21. Qe1 Bf7 22. Qg3 Qe7 23. Rae1 Rd8 24. Nf4 Rfe8 25. g5 Nh5 26. Nxh5 Bxh5 27. f6 Qe6 28. fxg7 d4 29. Rf6 Qa2 30. Qh4 Qxb2 31. Qxh5 Re7 32. Bd5+ 1-0

[Event "Oberliga Ost-B 1213"]
[Site "Germany"]
[Date "2013.04.14"]
[Round "11.7"]
[White "Wolff, Peter"]
[Black "Oparaugo, Thomas"]
[Result "0-1"]
[WhiteElo "2000"]
[BlackElo "2110"]
[PlyCount "122"]
[EventDate "2012.09.30"]
[EventType "team-tourn"]
[EventRounds "11"]
[EventCountry "GER"]
[SourceTitle "EXT 2014"]
[Source "ChessBase"]
[SourceDate "2013.11.20"]
[SourceVersion "1"]
[SourceVersionDate "2013.11.20"]
[SourceQuality "1"]
[WhiteTeam "Offenbach"]
[BlackTeam "Oberursel"]
[WhiteTeamCountry "GER"]
[BlackTeamCountry "GER"]

1. c4 Nf6 2. g3 c5 3. Bg2 Nc6 4. Nc3 g6 5. Nf3 Bg7 6. d4 cxd4 7. Nxd4 0-0 8. 0-0 Qb6 9. Nc2 d6 10. b3 Be6 11. Bb2 Bxc4 12. Nd5 Bxd5 13. Bxd5 Nxd5 14. Bxg7 Kxg7 15. Qxd5 Rac8 16. Rfd1 Ne5 17. Ne3 Rfd8 18. Rac1 e6 19. Qd2 d5 20. Qb2 f6 21. Rxc8 Rxc8 22. Qd4 Qxd4 23. Rxd4 Rc3 24. Rd2 Kf7 25. Kg2 b6 26. Nc2 Nc6 27. h4 e5 28. Na3 d4 29. Nb5 Rc5 30. Nd6+ Ke7 31. Ne4 Rc1 32. f3 Nb4 33. Rb2 Nc2 34. Nf2 Ne3+ 35. Kh2 Ke6 36. Nd3 Rc3 37. Ne1 Rc1 38. Nd3 Ra1 39. Nb4 Kd6 40. Nc2 Rc1 41. Nb4 f5 42. Nd3 Rd1 43. Nf2 Rd2 44. Rxd2 Nf1+ 45. Kg2 Nxd2 46. Nd3 e4 47. fxe4 fxe4 48. Nf4 b5 49. Kf2 a5 50. Nh3 Nxb3 51. Ng5 Ke5 52. Nf7+ Kd5 53. Ng5 Nc1 54. a3 b4 55. axb4 a4 56. b5 e3+ 57. Kf3 a3 58. b6 Kc6 59. Ne6 Nb3 60. b7 Kxb7 61. Nc5+ Nxc5 0-1

[Event "Oberliga Ost-B 1213"]
[Site "Germany"]
[Date "2013.01.13"]
[Round "5.8"]
[White "Oparaugo, Thomas"]
[Black "De Visser, Leon"]
[Result "0-1"]
[WhiteElo "2110"]
[BlackElo "2146"]
[PlyCount "98"]
[EventDate "2012.09.30"]
[EventType "team-tourn"]
[EventRounds "11"]
[EventCountry "GER"]
[SourceTitle "EXT 2014"]
[Source "ChessBase"]
[SourceDate "2013.11.20"]
[SourceVersion "1"]
[SourceVersionDate "2013.11.20"]
[SourceQuality "1"]
[WhiteTeam "Oberursel"]
[BlackTeam "Frankfurt BvK"]
[WhiteTeamCountry "GER"]
[BlackTeamCountry "GER"]

1. e4 c6 2. d4 d5 3. exd5 cxd5 4. c3 Nc6 5. Bf4 Bf5 6. Bd3 Bxd3 7. Qxd3 e6 8. Nd2 Nf6 9. Ngf3 Be7 10. h3 a6 11. a4 Rc8 12. 0-0 0-0 13. b4 a5 14. b5 Nb8 15. Ne5 Nbd7 16. Rfc1 Nb6 17. Bg5 h6 18. Be3 Nfd7 19. f4 Nxe5 20. dxe5 Nc4 21. Nf3 Nxe3 22. Qxe3 Bc5 23. Nd4 Bb6 24. Kh2 Rc4 25. Qd2 Qc7 26. Ne2 Rc8 27. Rf1 Re4 28. Rf3 Qc5 29. Ng3 Rxa4 30. Rb1 Rc4 31. Ne2 Re4 32. f5 Rxe5 33. f6 g5 34. h4 Qc4 35. Nd4 Bxd4 36. cxd4 Re2 37. Qxa5 gxh4 38. Rf4 Rxg2+ 39. Kxg2 Qc2+ 40. Kh3 Qxb1 41. Rg4+ Kh8 42. Kxh4 Qh1+ 43. Kg3 Qg1+ 44. Kh3 Qf1+ 45. Kg3 Qxf6 46. Qd2 Rg8 47. Rxg8+ Kxg8 48. Qc3 Qd8 49. Qc5 b6 0-1

[Event "Oberliga Ost-B 1011"]
[Site "Germany"]
[Date "2011.04.09"]
[Round "10.5"]
[White "Oparaugo, Thomas"]
[Black "Klingelhoefer, Stefan"]
[Result "1/2-1/2"]
[WhiteElo "2105"]
[BlackElo "2238"]
[PlyCount "22"]
[EventDate "2010.10.24"]
[EventType "team-tourn"]
[EventRounds "11"]
[EventCountry "GER"]
[SourceTitle "EXT 2012"]
[Source "ChessBase"]
[SourceDate "2011.11.24"]
[SourceVersion "1"]
[SourceVersionDate "2011.11.24"]
[SourceQuality "1"]
[WhiteTeam "Oberursel"]
[BlackTeam "Giessen"]
[WhiteTeamCountry "GER"]
[BlackTeamCountry "GER"]

1. e4 e6 2. d4 d5 3. Nc3 Bb4 4. a3 Bxc3+ 5. bxc3 Nf6 6. e5 Ne4 7. Qg4 Kf8 8. Bd3 Nxc3 9. Bd2 Ne4 10. Bxe4 dxe4 11. Qxe4 Qd5 1/2-1/2

[Event "Oberliga Ost-B 1011"]
[Site "Germany"]
[Date "2010.11.13"]
[Round "2.6"]
[White "Oparaugo, Thomas"]
[Black "Fleuch, Hans Juergen"]
[Result "1-0"]
[WhiteElo "2105"]
[BlackElo "2123"]
[PlyCount "63"]
[EventDate "2010.10.24"]
[EventType "team-tourn"]
[EventRounds "11"]
[EventCountry "GER"]
[SourceTitle "EXT 2012"]
[Source "ChessBase"]
[SourceDate "2011.11.24"]
[SourceVersion "1"]
[SourceVersionDate "2011.11.24"]
[SourceQuality "1"]
[WhiteTeam "Oberursel"]
[BlackTeam "Hungen Lich"]
[WhiteTeamCountry "GER"]
[BlackTeamCountry "GER"]

1. e4 Nc6 2. d4 d5 3. e5 Bf5 4. Nf3 e6 5. Bd3 Bg6 6. h4 Bxd3 7. Qxd3 Qd7 8. c3 Nge7 9. h5 h6 10. Be3 Nc8 11. Nbd2 Nb6 12. Nh4 a6 13. f4 Be7 14. 0-0-0 0-0-0 15. f5 Bxh4 16. fxe6 Qe7 17. exf7 Bg5 18. Qf5+ Kb8 19. Bxg5 hxg5 20. Nf3 Nc4 21. Rde1 Qd7 22. Qxd7 Rxd7 23. Nxg5 Nd8 24. b3 Nb6 25. Rhf1 Nxf7 26. Rxf7 Rdd8 27. Ne6 Rdg8 28. Nxg7 Nc8 29. e6 Nd6 30. Rd7 Nc8 31. g4 Rh7 32. Nf5 1-0

[Event "Oberliga Ost-B 0910"]
[Site "Germany"]
[Date "2009.10.18"]
[Round "1.7"]
[White "Pichl, Michael"]
[Black "Oparaugo, Thomas"]
[Result "0-1"]
[WhiteElo "2037"]
[BlackElo "2108"]
[PlyCount "120"]
[EventDate "2009.10.18"]
[EventType "team-tourn"]
[EventRounds "11"]
[EventCountry "GER"]
[SourceTitle "EXT 2011"]
[Source "ChessBase"]
[SourceDate "2010.11.26"]
[SourceVersion "1"]
[SourceVersionDate "2010.11.26"]
[SourceQuality "1"]
[WhiteTeam "Erfurt Empor"]
[BlackTeam "Oberursel"]
[WhiteTeamCountry "GER"]
[BlackTeamCountry "GER"]

1. g3 g6 2. Bg2 Bg7 3. c4 c5 4. Nc3 Nc6 5. a3 Nf6 6. Rb1 a5 7. d3 0-0 8. Nf3 d5 9. cxd5 Nxd5 10. Bd2 Be6 11. Ng5 Nxc3 12. bxc3 Bd5 13. Ne4 Ne5 14. c4 Bc6 15. 0-0 Nd7 16. Nc3 Bxg2 17. Kxg2 Ra6 18. Rb5 Re6 19. Nd5 b6 20. Be3 Rc6 21. Qb3 e6 22. Nc3 Bxc3 23. Qxc3 f6 24. Qb3 e5 25. Rb1 Qe7 26. Qa4 Re6 27. Qc2 f5 28. Bd2 f4 29. f3 g5 30. Rf1 Rff6 31. Rbb1 Qf7 32. g4 h5 33. h3 Rh6 34. Rh1 Nf6 35. Bc3 Qd7 36. Qb2 Qe8 37. Kf2 Nd7 38. Rbg1 Kf7 39. h4 hxg4 40. Rxg4 Reg6 41. Qa1 Qh8 42. Qg1 gxh4 43. Rxg6 Rxg6 44. Qh2 Rh6 45. Qh3 Ke7 46. Rg1 Qf6 47. Rg8 Nf8 48. Qc8 Nd7 49. Re8+ Kd6 50. Qb7 Rh5 51. Rc8 Qg7 52. Qd5+ Ke7 53. Rc7 Qg3+ 54. Kf1 Qh3+ 55. Ke1 Qe6 56. Qe4 h3 57. Rc6 Qxc6 58. Qxc6 h2 59. Qg6 h1Q+ 60. Kd2 Rh6 0-1